| 000 | 00799nac a22001691u 4500 | ||
|---|---|---|---|
| 008 | 080820s ua|||||r|||| 001 0 ara d | ||
| 082 |
_a189 _bم ك ل _222 |
||
| 245 |
_aكتاب لباب العقول : _b في الرد علي الفلاسفة في علم الأصول/ _cأبي الحجاج يوسف بن محمد الكلاني ؛ تقديم وتحقيق وتعليق فوقية حسين محمود |
||
| 260 |
_aالقاهرة : _bدار الأنصار،1977. _c1977. |
||
| 300 |
_a523 ص ؛ _c24 سم . |
||
| 504 | _aيحتوي علي ارجاعات ببليوجرافية ص 495-500 وكشافات . | ||
| 511 | _aCatalogued by: Sara | ||
| 541 |
_aألف باء ؛ _cشراء ؛ |
||
| 650 |
_aعلم الكلام _916065 |
||
| 650 |
_aالفلسفة _916209 |
||
| 942 |
_cBB _k189 م ك ل _2ddc |
||
| 999 |
_c7672 _d7672 |
||